banner-ar

السلطان الظاهر بيبرس وأعماله المعمارية ( بمصر - سورية - فلسطين ) / (Record no. 67582)

MARC details
000 -الفاتح
حقل البيانات ثابتة الطول 01134nam a2200277Ia 4500
005 - وقت وتاريخ اخر تعامل مع التسجيلة
رقم الضبط 20250622124032.0
008 - عناصر البيانات ثابتة الطول - معلومات عامة
حقل البيانات ثابتة الطول 250617s9999||||xx |||||||||||||| ||ara||
017 ## - رقم الايداع القانونى
رقم الايداع القانونى 2024/31827
المصدر ( الهيئة المختصة) مصر. دار الكتب
020 ## - الرقم الدولى المعيارى للكتب
الرقم الدولى المعيارى للكتاب 9786339954009
082 04 - رقم تصنيف ديوى العشرى
رقم التصنيف "723,3"
رقم المادة ض س
100 0# - المدخل الرئيسى - إسم شخصى
الإسم الشخصى ضياء جاد الكريم زهران
245 10 - بيان العنوان
العنوان السلطان الظاهر بيبرس وأعماله المعمارية ( بمصر - سورية - فلسطين ) /
بيان المسئوليه,etc "إعداد ضياء جاد الكريم زهران ، ريهام محمد يسرى"
250 ## - بيان الطبعة
بيان الطبعة ط1
260 3# - PUBLICATION, DISTRIBUTION, ETC. (IMPRINT)
تاريخ النشر أو التوزيع 2025.
300 ## - الوصف المادى
التعداد 313ص :
تفاصيل ماديه اخرى للوعاء لوحات ؛
أبعاد الوعاء 25سم.
650 ## - المدخل الاضافى بالموضوع-مصطلح موضوعى
مصطلح موضوعي الآثار الإسلامية
650 ## - المدخل الاضافى بالموضوع-مصطلح موضوعى
مصطلح موضوعي الحضارة الإسلامية
650 ## - المدخل الاضافى بالموضوع-مصطلح موضوعى
مصطلح موضوعي العمارة
650 ## - المدخل الاضافى بالموضوع-مصطلح موضوعى
مصطلح موضوعي العمارة الإسلامية
التقسيم الفرعي الجغرافي مصر
650 ## - المدخل الاضافى بالموضوع-مصطلح موضوعى
مصطلح موضوعي الفن الإسلامى
650 ## - المدخل الاضافى بالموضوع-مصطلح موضوعى
مصطلح موضوعي المساجد
651 ## - المدخل الاضافى بالموضوع - اسم جغرافى
الاسم الجغرافي السلطان الظاهر بيبرس
700 0# - المدخل الاضافى - اسم شخصى
الإسم الشخصى ريهام محمد يسرى
الدور مؤلف مشارك
942 ## - عناصر المدخل الإضافي( كوها)
Koha [default] item type كتاب
260 3# - PUBLICATION, DISTRIBUTION, ETC. (IMPRINT)
-- القاهرة :
-- "حسن أبو شادى للأبحاث والنشر،"
Holdings
حالة التراجع حالة الفقد حالة تلف ليس للاعارة المكان المؤقت الموقع الحالى موقع الترفيف تاريخ الاكتساب اجمالي اﻻعارات تاريخ اخر مشاهدة تاريخ تفعيل السعر نوع وعاء كوها
        مكتبة القاهرة الكبرى مكتبة القاهرة الكبرى قاعة القاهرة_ك عربى 06/22/2025   06/22/2025 06/22/2025 كتاب

Powered By

EGPV